Learning Resource and Development

Quantity surveying practice : (Record no. 29929)

MARC details
000 -LEADER
fixed length control field 02037cam a22003978i 4500
001 - CONTROL NUMBER
control field 22158757
003 - CONTROL NUMBER IDENTIFIER
control field CSPC
005 - DATE AND TIME OF LATEST TRANSACTION
control field 20250807123031.0
008 - FIXED-LENGTH DATA ELEMENTS--GENERAL INFORMATION
fixed length control field 210730s2022 enk b 001 0 eng
010 ## - LIBRARY OF CONGRESS CONTROL NUMBER
LC control number 2021030180
020 ## - INTERNATIONAL STANDARD BOOK NUMBER
International Standard Book Number 9781032073279
Qualifying information (pbk)
035 ## - SYSTEM CONTROL NUMBER
System control number 22158757
040 ## - CATALOGING SOURCE
Original cataloging agency DLC
Language of cataloging eng
Description conventions rda
Transcribing agency DLC
Modifying agency CSPC
042 ## - AUTHENTICATION CODE
Authentication code pcc
050 00 - LIBRARY OF CONGRESS CALL NUMBER
Classification number TH435
Item number .K425 2022
082 00 - DEWEY DECIMAL CLASSIFICATION NUMBER
Classification number 692.5
Item number K516q
Edition number 23
100 1# - MAIN ENTRY--PERSONAL NAME
Personal name Keung, Chung Wai Calvin,
Relator term author.
245 10 - TITLE STATEMENT
Title Quantity surveying practice :
Remainder of title the nuts and bolts /
Statement of responsibility, etc. Chung Wai Calvin Keung, Kam Lan Daisy Yeung, and Sai On Cheung.
263 ## - PROJECTED PUBLICATION DATE
Projected publication date 2202
264 #1 - PRODUCTION, PUBLICATION, DISTRIBUTION, MANUFACTURE, AND COPYRIGHT NOTICE
Place of production, publication, distribution, manufacture Abingdon, Oxon ;
-- New York, NY :
Name of producer, publisher, distributor, manufacturer Routledge,
Date of production, publication, distribution, manufacture, or copyright notice 2022.
300 ## - PHYSICAL DESCRIPTION
Extent xvi, 150 pages :
Other physical details illustrations ;
Dimensions 24 cm.
336 ## - CONTENT TYPE
Content type term text
Content type code txt
Source rdacontent
337 ## - MEDIA TYPE
Media type term unmediated
Media type code n
Source rdamedia
338 ## - CARRIER TYPE
Carrier type term volume
Carrier type code nc
Source rdacarrier
504 ## - BIBLIOGRAPHY, ETC. NOTE
Bibliography, etc. note Includes bibliographical references and index.
505 0# - FORMATTED CONTENTS NOTE
Formatted contents note Estimation -- tendering and tender documentation -- Tender examination and contract award -- Interim valuation and payment -- Contractual claims -- Cost control and monitoring -- Dispute management.
520 ## - SUMMARY, ETC.
Summary, etc. "This practical book focuses on the basic concepts underlying the technical aspects of quantity surveying and contains many worked examples together with useful figures and real-life cases to help readers digest and understand the essentials and become better professionals as a result"--
Assigning source Provided by publisher.
650 #0 - SUBJECT ADDED ENTRY--TOPICAL TERM
Topical term or geographic name entry element Quantity surveying.
700 1# - ADDED ENTRY--PERSONAL NAME
Personal name Yeung, Kam Lan Daisy,
Relator term author.
700 1# - ADDED ENTRY--PERSONAL NAME
Personal name Cheung, Sai On,
Relator term author.
776 08 - ADDITIONAL PHYSICAL FORM ENTRY
Relationship information Online version:
Main entry heading Keung, Chung Wai Calvin.
Title Quantity surveying practice
Place, publisher, and date of publication Abingdon, Oxon : Routledge, 2022
International Standard Book Number 9781003212355
Record control number (DLC) 2021030181
906 ## - LOCAL DATA ELEMENT F, LDF (RLIN)
a 7
b cbc
c orignew
d 1
e ecip
f 20
g y-gencatlg
942 ## - ADDED ENTRY ELEMENTS (KOHA)
Source of classification or shelving scheme Dewey Decimal Classification
Koha item type Books
Edition 23
Classification part 692.5
Item part K516q
Call number prefix ENG
Call number suffix 2022
Suppress in OPAC No
Holdings
Withdrawn status Lost status Source of classification or shelving scheme Damaged status Not for loan Home library Current library Shelving location Date acquired Total Checkouts Full call number Barcode Date last seen Copy number Price effective from Koha item type
    Dewey Decimal Classification     Main Library Main Library Engineering Section 08/07/2025   ENG 692.5 K516q 2022 029879 08/07/2025 1-3 08/07/2025 Books
    Dewey Decimal Classification     Main Library Main Library Engineering Section 08/07/2025   ENG 692.5 K516q 2022 029880 08/07/2025 2-3 08/07/2025 Books
    Dewey Decimal Classification     Main Library Main Library Engineering Section 08/07/2025   ENG 692.5 K516q 2022 029881 08/07/2025 3-3 08/07/2025 Books